HOME OFFICE PLANNER (REUSABLE PEEL- OFF SKICKERS AND GRID TO DESIGN YOUR OWN OFFICE ) (Record no. 857919)

MARC details
000 -LEADER
fixed length control field 00373nam a2200133Ia 4500
008 - FIXED-LENGTH DATA ELEMENTS--GENERAL INFORMATION
fixed length control field 230822s2007 xx 000 0 und d
020 ## - INTERNATIONAL STANDARD BOOK NUMBER
International Standard Book Number 1-84000-263-8
041 ## - LANGUAGE CODE
Language code of text/sound track or separate title eng
082 ## - DEWEY DECIMAL CLASSIFICATION NUMBER
Classification number 747.73
100 ## - MAIN ENTRY--PERSONAL NAME
Personal name PHILLIPS B.
245 ## - TITLE STATEMENT
Title HOME OFFICE PLANNER (REUSABLE PEEL- OFF SKICKERS AND GRID TO DESIGN YOUR OWN OFFICE )
260 ## - PUBLICATION, DISTRIBUTION, ETC.
Name of publisher, distributor, etc. OCTOPUS PUBLISHING
Date of publication, distribution, etc. 2007
300 ## - PHYSICAL DESCRIPTION
Extent 96

No items available.